Psicología y religión / (Record no. 85688)

MARC details
000 -LEADER
campo de control de longitud fija 00777nam a2200217 i 4500
001 - NÚMERO DE CONTROL
campo de control 85688
003 - IDENTIFICADOR DE NÚMERO DE CONTROL
campo de control ES-MaACL
005 - FECHA Y HORA DE LA ÚLTIMA TRANSACCIÓN
campo de control 20250926063054.0
007 - CAMPO FIJO DE DESCRIPCIÓN FÍSICA--INFORMACIÓN GENERAL
campo de control de longitud fija t|
008 - DATOS DE LONGITUD FIJA--INFORMACIÓN GENERAL
campo de control de longitud fija 041130s1949 ag ||||1| spa d
100 1# - ENTRADA PRINCIPAL--NOMBRE DE PERSONA
Nombre de persona Jung, Carl G.,
Fechas asociadas al nombre 1875-1961
9 (RLIN) 67282
245 10 - MENCIÓN DEL TÍTULO
Título Psicología y religión /
Mención de responsabilidad, etc. Charles Gustave Jung ; prólogo de Enrique Butelman; traducción de Ilse T.M. de Brugger.
260 ## - PUBLICACIÓN, DISTRIBUCIÓN, ETC.
Lugar de publicación, distribución, etc. Buenos Aires :
Nombre del editor, distribuidor, etc. Paidós,
Fecha de publicación, distribución, etc. 1949 (
Fabricante Ferrari Hnos.)
300 ## - DESCRIPCIÓN FÍSICA
Extensión 175 p., 1 lám. ;
Dimensiones 21 cm.
490 1# - MENCIÓN DE SERIE
Mención de serie Biblioteca de psicología profunda ;
Designación de volumen o secuencia 3
700 1# - ENTRADA AGREGADA--NOMBRE PERSONAL
Nombre de persona Butelman, Enrique.
9 (RLIN) 32935
700 1# - ENTRADA AGREGADA--NOMBRE PERSONAL
Nombre de persona Brugger, Ilse T.M. de.
9 (RLIN) 32087
830 0# - PUNTO DE ACCESO ADICIONAL DE SERIE-TÍTULO UNIFORME
Título uniforme Biblioteca de psicología profunda ;
Designación de volumen o secuencia 3
9 (RLIN) 179952
852 ## - LOCALIZACIÓN
Ubicación ES-MaACL
Número de control de estantería D-5584
Sublocalización o colección R.27299
Holdings
Estatus retirado Estado de pérdida Estado de daño No para préstamo Biblioteca de origen Biblioteca actual Ubicación en estantería Fecha de adquisición Fuente de adquisición Total de préstamos Signatura topográfica completa Código de barras Visto por última vez Precio de reemplazo Tipo de ítem Koha
        Biblioteca del Ateneo de Madrid Biblioteca del Ateneo de Madrid Sala Valle Inclán 17/01/2008     D-5584 901089536 23/02/2023 23/02/2023 Libro impreso